Sports Quiz

Random Sports or Baseball Quiz

MLB Home Run Derby Winners Quiz Stats

 Plays Quiz Updated Dec 6, 2018

Support Sporcle.
Go Orange.
Score 0/35 Timer 05:00
4 Plays Today
Year Winner % Correct
2021Pete Alonso
90.1%
2000Sammy Sosa
74.2%
2019Pete Alonso
73.8%
1994Ken Griffey Jr.
72.7%
1998Ken Griffey Jr.
72.7%
1999Ken Griffey Jr.
72.7%
2017Aaron Judge
70.8%
1992Mark McGwire
70.5%
2016Giancarlo Stanton
69.7%
1996Barry Bonds
69.6%
2018Bryce Harper
67.1%
2012Prince Fielder
66.3%
2009Prince Fielder
60.1%
2006Ryan Howard
59%
2005Bobby Abreu
54%
2015Todd Frazier
48.9%
2008Justin Morneau
46.3%
2013Yoenis Cespedes
43.8%
Year Winner % Correct
2014Yoenis Cespedes
42.1%
1995Frank Thomas
34%
2007Vladimir Guerrero
33.4%
2001Luis Gonzalez
32.8%
1993Juan González
32.7%
2010David Ortiz
31.3%
2002Jason Giambi
30.9%
1991Cal Ripken Jr.
29%
2004Miguel Tejada
27.3%
2003Garret Anderson
25.1%
1997Tino Martinez
21.2%
2011Robinson Cano
18.3%
1986Wally Joyner & Darryl Strawberry
14.5%
1989Eric Davis & Ruben Sierra
12.1%
1987Andre Dawson
11.7%
1990Ryne Sandberg
10.4%
1985Dave Parker
6.3%

From the Vault

Video Games: A Word Too Many

by gazzso

Gaming 2m
Some video game scripts definitely have too many words. Like Kingdom Hearts' million unskippable cutscenes.
Remove Ads.
Support Sporcle.
Get the best of Sporcle when you Go Orange. This ad-free experience offers more features, more stats, and more fun while also helping to support Sporcle. Thank you for becoming a member.

Show Comments

Extras

Top Quizzes Today


Score Distribution

Your Account Isn't Verified!

In order to create a playlist on Sporcle, you need to verify the email address you used during registration. Go to your Sporcle Settings to finish the process.

Report this User

Report this user for behavior that violates our Community Guidelines.

Details: